书目信息 |
| 题名: |
水环境综合实验指导
|
|
| 作者: | 陈忠林 , 赵晟锌 主编 | |
| 分册: | ||
| 出版信息: | 哈尔滨 哈尔滨工业大学出版社 2021.01 |
|
| 页数: | 168页 | |
| 开本: | 26cm | |
| 丛书名: | 现代土木工程精品系列图书 | |
| 单 册: | ||
| 中图分类: | X143 | |
| 科图分类: | ||
| 主题词: | 水环境--shui huan jing--实验--高等学校--教材 | |
| 电子资源: | ||
| ISBN: | 978-7-5603-9064-2 | |
| 000 | 01683nam 2200313 450 | |
| 001 | CAL 0120217124199 | |
| 005 | 20210311091648.7 | |
| 010 | @a978-7-5603-9064-2@dCNY32.00 | |
| 100 | @a20210310d2021 em y0chiy0120 ea | |
| 101 | 0 | @achi |
| 102 | @aCN@b230000 | |
| 105 | @aak a 000yy | |
| 106 | @ar | |
| 200 | 1 | @a水环境综合实验指导@Ashui huan jing zong he shi yan zhi dao@d= Comprehensive experimental guidance on water environment@f陈忠林, 赵晟锌主编@zeng |
| 210 | @a哈尔滨@c哈尔滨工业大学出版社@d2021.01 | |
| 215 | @a168页@c图@d26cm | |
| 225 | 2 | @a现代土木工程精品系列图书@Axian dai tu mu gong cheng jing pin xi lie tu shu |
| 300 | @a“双一流”建设精品出版工程 “十三五”国家重点出版物出版规划项目 | |
| 314 | @a陈忠林, 哈尔滨工业大学二级教授、博士生导师, 中国青年科技奖获得者, 教育部新世纪优秀人才支持计划入选者。赵晟锌, 工学博士, 哈尔滨工业大学高级工程师, 黑龙江省分析测试学会会员。 | |
| 320 | @a有书目 (第161-164页) | |
| 330 | @a本书介绍了色谱与色谱—质谱联用技术、原子发射光谱分析技术、显微分析技术、生物综合实验技术和水质物化分析技术的一些基础知识。针对各类技术所依托的仪器设备, 图文并茂地表述了相关仪器设备的组成和工作原理, 并基于水环境领域所涉及的污染物分析鉴定、功能材料表征、分子生物学实验、水处理工艺运行优化、水处理系统中生物和化学反应机理探究等内容, 设计了22个典型综合实验应用实例。 | |
| 410 | 0 | @12001 @a现代土木工程精品系列图书 |
| 510 | 1 | @aComprehensive experimental guidance on water environment@zeng |
| 606 | 0 | @a水环境@Ashui huan jing@x实验@x高等学校@j教材 |
| 690 | @aX143@v5 | |
| 701 | 0 | @a陈忠林@Achen zhong lin@4主编 |
| 701 | 0 | @a赵晟锌@Azhao sheng xin@4主编 |
| 801 | 0 | @aCN@b人天书店@c20210310 |
| 905 | @aTSG@b0000892@dX143@eC653@f1 | |
| 水环境综合实验指导= Comprehensive experimental guidance on water environment/陈忠林, 赵晟锌主编.-哈尔滨:哈尔滨工业大学出版社,2021.01 |
| 168页:图;26cm.-(现代土木工程精品系列图书) |
| “双一流”建设精品出版工程 “十三五”国家重点出版物出版规划项目 |
| ISBN 978-7-5603-9064-2:CNY32.00 |
| 本书介绍了色谱与色谱—质谱联用技术、原子发射光谱分析技术、显微分析技术、生物综合实验技术和水质物化分析技术的一些基础知识。针对各类技术所依托的仪器设备, 图文并茂地表述了相关仪器设备的组成和工作原理, 并基于水环境领域所涉及的污染物分析鉴定、功能材料表征、分子生物学实验、水处理工艺运行优化、水处理系统中生物和化学反应机理探究等内容, 设计了22个典型综合实验应用实例。 |
| ● |
| 相关链接 |
|
|
|
正题名:水环境综合实验指导
索取号:X143/C653
 
预约/预借
| 序号 | 登录号 | 条形码 | 馆藏地/架位号 | 状态 | 备注 |
| 1 | 1533842 | 215338427 | 自科库501/501自科库 62排5列1层/ [索取号:X143/C653] | 在馆 |